|
|
|
|
| LEADER |
00000nam0a2200000 4500 |
| 001 |
342310 |
| 005 |
20231102005435.0 |
| 035 |
|
|
|a (RuTPU)RU\TPU\book\371023
|
| 090 |
|
|
|a 342310
|
| 100 |
|
|
|a 20190123d2018 k y0rusy50 ca
|
| 101 |
0 |
|
|a rus
|
| 102 |
|
|
|a RU
|
| 105 |
|
|
|a a dm 001zy
|
| 200 |
1 |
|
|a Формирование графитоподобных наноструктур в углеродных пленках, полученных электродуговым методом
|e автореферат диссертации на соискание ученой степени кандидата технических наук
|e спец. 01.04.15
|f Э. З. Хамдохов
|g Кабардино-Балкарский государственный университет им. Х. М. Бербекова, Кафедра электроники и информационных технологий ; науч. рук. Р. Ш. Тешев
|
| 210 |
|
|
|a Нальчик
|c [Б. и.]
|d 2018
|
| 215 |
|
|
|a 21 с.
|c ил.
|
| 300 |
|
|
|a Защита сост. 20.12.2018 г.
|
| 320 |
|
|
|a Библиогр.: с. 20-21 (21 назв.)
|
| 606 |
1 |
|
|a Углеродные пленки, тонкие
|x Получение
|2 stltpush
|3 (RuTPU)RU\TPU\subj\78541
|9 87849
|
| 610 |
1 |
|
|a физика
|
| 610 |
1 |
|
|a полупроводниковые пленки
|
| 610 |
1 |
|
|a графитоподобные наноструктуры
|
| 610 |
1 |
|
|a электродуговое распыление
|
| 610 |
1 |
|
|a магнитное поле
|
| 610 |
1 |
|
|a автоэмиссионные катоды
|
| 610 |
1 |
|
|a графит
|
| 610 |
1 |
|
|a тонкопленочные покрытия
|
| 610 |
1 |
|
|a авторефераты диссертаций
|
| 675 |
|
|
|a 539.23(04)
|v 4
|
| 686 |
|
|
|a 01.04.15
|2 oksvnk
|
| 700 |
|
1 |
|a Хамдохов
|b Э. З.
|g Эльдар Залимович
|
| 702 |
|
1 |
|a Тешев
|b Р. Ш.
|g Руслан Шахбанович
|4 727
|
| 712 |
0 |
2 |
|a Кабардино-Балкарский государственный университет им. Х. М. Бербекова
|b Кафедра электроники и информационных технологий
|2 stltpush
|3 (RuTPU)RU\TPU\col\5863
|
| 801 |
|
1 |
|a RU
|b 63413507
|c 20190123
|
| 801 |
|
2 |
|a RU
|b 63413507
|c 20190212
|g RCR
|
| 942 |
|
|
|c BK
|